Construcciones en hormigón visto / (Record no. 28365)

MARC details
000 -LEADER
campo de control de longitud fija 00662nam a2200205 i 4500
001 - NÚMERO DE CONTROL
campo de control 28365
003 - IDENTIFICADOR DE NÚMERO DE CONTROL
campo de control ES-MaACL
005 - FECHA Y HORA DE LA ÚLTIMA TRANSACCIÓN
campo de control 20250902221310.0
007 - CAMPO FIJO DE DESCRIPCIÓN FÍSICA--INFORMACIÓN GENERAL
campo de control de longitud fija t|
008 - DATOS DE LONGITUD FIJA--INFORMACIÓN GENERAL
campo de control de longitud fija 030117s1967 sp ||||1| spa d
100 1# - ENTRADA PRINCIPAL--NOMBRE DE PERSONA
Nombre de persona Baecher, Max.
9 (RLIN) 24571
245 10 - MENCIÓN DEL TÍTULO
Título Construcciones en hormigón visto /
Mención de responsabilidad, etc. Max Baecher y Erwin Heinte ; [traducción de Roberto Terradas Vía].
260 ## - PUBLICACIÓN, DISTRIBUCIÓN, ETC.
Lugar de publicación, distribución, etc. Barcelona :
Nombre del editor, distribuidor, etc. Gustavo Gili,
Fecha de publicación, distribución, etc. [1967]
300 ## - DESCRIPCIÓN FÍSICA
Extensión 170 p. :
Otras características físicas il. ;
Dimensiones 30 cm.
650 #7 - PUNTO DE ACCESO ADICIONAL DE MATERIA--TÉRMINO DE MATERIA
Término de materia o nombre geográfico como elemento de entrada Estructuras de hormigón
Fuente del encabezamiento o término embne
9 (RLIN) 11296
700 1# - ENTRADA AGREGADA--NOMBRE PERSONAL
Nombre de persona Heinte, Erwin.
9 (RLIN) 62388
700 1# - ENTRADA AGREGADA--NOMBRE PERSONAL
Nombre de persona Terradas Vía, Roberto.
9 (RLIN) 109769
852 ## - LOCALIZACIÓN
Ubicación ES-MaACL
Número de control de estantería C-33700
Sublocalización o colección R.64451
Holdings
Estatus retirado Estado de pérdida Estado de daño No para préstamo Biblioteca de origen Biblioteca actual Ubicación en estantería Fecha de adquisición Fuente de adquisición Total de préstamos Signatura topográfica completa Código de barras Visto por última vez Precio de reemplazo Tipo de ítem Koha
        Biblioteca del Ateneo de Madrid Biblioteca del Ateneo de Madrid Depósito 2 17/01/2008     C-33700 1029284 23/02/2023 23/02/2023 Libro impreso